Loading...
| Science - Chemistry | 1 | 6 | 1 | 3 | 70 | 64 | 113.29 | 1 | 5 | 0.00 | 0.00 |
| Science - Other | 1 | 5 | 1 | 2 | 60 | 30 | 99.17 | 1 | 4 | 0.00 | 0.00 |
| Science - Physics | 1 | 4 | 0 | 0 | 55 | 70 | 100.40 | 2 | 5 | 0.00 | 0.00 |
| Fine Arts - Other | 1 | 4 | 0 | 0 | 55 | 54 | 118.40 | 2 | 4 | 0.00 | 0.00 |
| Philosophy | 1 | 2 | 0 | 1 | 35 | 71 | 115.33 | 1 | 2 | 0.00 | 0.00 |
| Social Science | 1 | 2 | 1 | 1 | 30 | 53 | 106.67 | 1 | 3 | 0.00 | 0.00 |
| History - European | 1 | 1 | 0 | 0 | 25 | 82 | 87.00 | 1 | 1 | 0.00 | 0.00 |
| History - American | 0 | 3 | 1 | 0 | 25 | 95 | 106.67 | 1 | 3 | 0.00 | 0.00 |
| Religion | 0 | 2 | 0 | 2 | 20 | 135 | 136.50 | 0 | 2 | 0.00 | 0.00 |
| History - World | 1 | 0 | 0 | 0 | 15 | 42 | 42.00 | 1 | 1 | 0.00 | 0.00 |
| Geography | 0 | 2 | 1 | 1 | 15 | 100 | 120.50 | 0 | 1 | 0.00 | 0.00 |
| Science - Biology | 0 | 2 | 1 | 0 | 15 | 104 | 113.00 | 0 | 2 | 0.00 | 0.00 |
| Literature - World | 0 | 1 | 0 | 0 | 10 | 148 | 148.00 | 0 | 1 | 0.00 | 0.00 |
| Current Events | 0 | 1 | 0 | 0 | 10 | 118 | 118.00 | 0 | 1 | 0.00 | 0.00 |
| History - Ancient/Other | 0 | 1 | 1 | 0 | 5 | 153 | 153.00 | 0 | 1 | 0.00 | 0.00 |
| Fine Arts - Auditory | 0 | 1 | 2 | 0 | 0 | 101 | 101.00 | 0 | 1 | 0.00 | 0.00 |
| Other Academic | 0 | 0 | 1 | 0 | -5 | 0.00 | 0 | 0 | 0.00 | 0.00 |